Rendimento do algodao e os servicos de pesquisa e extensao na Tanzania [Gossypium spp.; Producao vegetal; Africa] (Registro n. 332879)
[ somente texto ]
| 000 -LÍDER | |
|---|---|
| campo de controle de tamanho fixo | 01207naa a22002777a 4500 |
| 001 - NÚMERO DE CONTROLE | |
| campo de controle | BR7502612 |
| 003 - IDENTIFICADOR DO NÚMERO DE CONTROLE | |
| campo de controle | BR-BrBNA |
| 005 - DATA E HORÁRIO DA ÚLTIMA TRANSAÇÃO | |
| campo de controle | 20250714141720.0 |
| 007 - CAMPO FIXO DE DESCRIÇÃO FÍSICA--INFORMAÇÃO GERAL | |
| campo de controle de tamanho fixo | ta |
| 008 - CAMPO DE DADOS FIXOS--INFORMAÇÃO GERAL | |
| campo de controle de tamanho fixo | 250630b bl.|||m| |||| 00| 0 por d |
| 040 ## - FONTE DA CATALOGAÇÃO | |
| Instituição da catalogação original | BR-BrBNA |
| Idioma da catalogação | por |
| Instituição que transcreveu o registro | Biblioteca Nacional de Agricultura |
| 041 ## - CÓDIGO DE IDIOMA | |
| Código do idioma do texto/trilha sonora ou título diferente | (Pt) |
| 072 ## - CÓDIGO DE CATEGORIA DE ASSUNTO | |
| Código de Categoria de Assunto | F00; A50 |
| Código do objeto | 0430 |
| -- | G148 |
| 090 ## - NÚMERO DE CHAMADA LOCAL | |
| Número de chamada | F00 BR7502612 |
| 100 1# - ENTRADA PRINCIPAL--NOME PESSOAL | |
| Nome pessoal | Saylor, R.G. |
| 245 1# - TÍTULO | |
| Título | Rendimento do algodao e os servicos de pesquisa e extensao na Tanzania [Gossypium spp.; Producao vegetal; Africa] |
| 490 ## - TÍTULO DA SÉRIE | |
| Título da série | Biblioteca Pioneira de Ciencias Sociais. Serie Estudos Agricolas (Brazil) |
| 500 ## - NOTA GERAL | |
| Nota geral | Desenvolvimento da agricultura: Educacao, Pesquisa e Assistencia tecnica<br/>Araujo, P.F.C. deSchuh, G.E. (ed.)<br/>Sao Paulo, SP (Brasil): Livraria Pioneira Editora, 1975. p. 191-205 [4 tables; 10 ref.]<br/>(BR7502612-AMS)<br/> |
| 650 ## - ASSUNTO--TERMO TÓPICO | |
| Cabeçalho tópico ou nome geográfico | Producao vegetal |
| 650 ## - ASSUNTO--TERMO TÓPICO | |
| Cabeçalho tópico ou nome geográfico | Pesquisa agricola |
| 650 ## - ASSUNTO--TERMO TÓPICO | |
| Cabeçalho tópico ou nome geográfico | Algodao |
| 650 ## - ASSUNTO--TERMO TÓPICO | |
| Cabeçalho tópico ou nome geográfico | Pratica cultural |
| 773 0# - ENTRADA ANALÍTICA | |
| Título | Desenvolvimento da agricultura: Educacao, Pesquisa e Assistencia tecnica |
| Entrada principal | Araujo, P.F.C. de; Schuh, G.E. (ed.) |
| Número de controle do registro | F00 BR7502612 |
| Partes relacionadas | Sao Paulo, SP (Brasil), 1975. p. 191-205 |
| 942 ## - ELEMENTOS DE ENTRADA ADICIONADOS (KOHA) | |
| Tipo de material Koha | Analítica de Monografia Seriada |
| Fonte da classificação ou esquema de arquivamento na estante | Classificação AGRIS |
| 909 ## - | |
| -- | 202506 |
| -- | Lúcia |
| -- | 55 |
| -- | Lúcia Elande |
| Situação do descarte | Fonte da classificação ou esquema de arquivamento na estante | Situação física | Não pode ser emprestado | Coleção | Biblioteca de origem | Biblioteca atual | Total de empréstimos | Número de telefone completo | Data de último acesso | Número do exemplar | Tipo de material Koha | Situação das perdas | Data de aquisição | Fonte de aquisição |
|---|---|---|---|---|---|---|---|---|---|---|---|---|---|---|
| Classificação AGRIS | Biblioteca Nacional de Agricultura - Binagri | Biblioteca Nacional de Agricultura - Binagri | C20 BR9903448 | 30/06/2025 | 01 | Analítica de Monografia Seriada | 2025-06-30 | Portaria Interministerial nº 164/94 |

BINAGRI